000 00628nam a2200265Ia 4500
008 210210b2014 xxu||||| |||| 00| 0 eng d
020 _a9789351243403
041 _aeng
082 _a641.3 SINP
100 _aSINGH (Pratibha)
245 _aPrinciples of food science and human nutrition: teaching manual
260 _aNew Delhi
_bDaya Publishing House
_c2014
300 _avi,68
650 _ateaching
650 _ascience
650 _aPrinciples
650 _aof
650 _anutrition:
650 _amanual
650 _ahuman
650 _afood
650 _aand
690 _aFood
906 _a070640
999 _c120086
_d120086